000 00756cam a22002651 4500
001 sa 66004786
003 DLC
005 20260227112244.0
008 890607s1965 ii b 000 0 hino
010 _asa 66004786
035 _a(OCoLC)19830594
040 _aDLC
_cWaU
_dDLC
042 _apremarc
043 _aa-ii---
050 0 0 _aHC435
_b.M546
100 1 _aMittala, S. C.
245 1 0 _aBhārata meṃ ārthika niyojana evaṃ rāshṭrīya āya.
_bEconomic planning & national income in India.
260 _c[1965]
300 _a133 p.
_c22 cm.
500 _aIn Hindi.
504 _aBibliographical footnotes.
651 0 _aIndia
_xEconomic policy.
650 0 _aIncome
_zIndia.
740 0 _aEconomic planning & national income in India.
999 _c69597
_d69597